The shorter Cambridge medieval history

Guardat en:
Dades bibliogràfiques
Autor principal: Previté-Orton, C. W (Autor)
Format: Llibre
Idioma:anglès
Publicat: Cambridge University Press 1952
Matèries:
Etiquetes: Afegir etiqueta
Sense etiquetes, Sigues el primer a etiquetar aquest registre!

MARC

LEADER 00000nam a2200000 a 4500
001 UCP5311
003 CL-VaPUC
008 990903e19520000uk |||||||||||||||||eng|d
082 0 4 |a 940.1  |b PRE  |2 21 
100 0 |a Previté-Orton, C. W  |e author  |9 433641 
245 1 4 |a The shorter Cambridge medieval history 
300 |a v 
942 |c BK 
945 |d 19990903 00:00:00  |a lriquelm 
260 |a Cambridge  |b University Press  |c 1952 
500 |a v.1: The later roman empire to the twelfth century 
500 |a v.2: The twelfth century to the renaissance 
650 0 |a Edad media  |9 258041 
650 0 |a Civilización medieval   |9 265320 
650 0 |a Renacimiento  |9 255107 
650 0 |a Imperio Romano  |9 322785 
650 7 |a BIZANCIO  |2 CL-VaPUC  |9 433642 
650 7 |a ISLAM  |2 CL-VaPUC  |9 349147 
650 0 |a Edad media  |9 258041 
651 0 |a Europa  |9 255156 
583 |a last modification  |c 20171220 06:32:59  |k Rodrigo Vera 
999 |c 283079  |d 283077 
952 |0 0  |1 0  |4 0  |6 940_100000000000000_PRE_1952  |7 0  |8 A  |9 325847  |a BIBHIS  |b BIBHIS  |d 2019-11-20  |h v.1  |i 1368877  |l 2  |o 940.1 PRE 1952  |p 1368877  |r 2025-01-20  |s 2024-08-20  |w 2019-11-20  |y BK  |k HIS 
952 |0 0  |1 0  |4 0  |6 940_100000000000000_PRE_1952  |7 0  |8 A  |9 325848  |a BIBHIS  |b BIBHIS  |d 2019-11-20  |h v.2  |i 1368869  |o 940.1 PRE 1952  |p 1368869  |r 2025-01-20  |w 2019-11-20  |y BK  |k HIS